000 00585nam a22002057a 4500
005 20230715113300.0
008 230715b ||||| |||| 00| 0 eng d
040 _cAL
041 _aEnglish
082 _223
_a320.550
_bCHAS
100 _aShyam Chand
_9127148
245 _aSaffron Fascism
260 _aPanchkula
_bUnity Publishers
_c2002
300 _ax,185 p.
_bHB
_c22x14.5 cm.
650 _aPolitics and government
_9127149
650 _aRashtriya Swayam Sevak Sangh
_9127150
650 _aHinduism and politics
_9127151
700 _aCHAND (Shyam)
_9127152
942 _2ddc
_cDB
999 _c227900
_d227900